000 00601nam a22001937a 4500
005 20251108165350.0
008 250721s2000 xx 000 0 ara d
082 1 4 _aم/346.4803/غزا
100 1 _aأبو غزالة، طلال
245 1 0 _aمعجم الملكية الفكرية /
246 1 1 _aintellectual propertu
264 1 _aعمان :
_bدائرة المكتبة الوطنية،
_c2000.
650 1 7 _aالقانون
650 1 7 _aالملكية الفكرية
650 1 7 _aالملكية الصناعية
650 1 7 _aعلم المعاجم
942 _2ddc
_cREF
999 _c26146
_d26146